Представление документа в формате MARC21

Поле Инд. ПП Название Значение
Тип записи a
Библиографический уровень m
001 Контрольный номер UNIDUBNAf18056eac7a14a2289d8a02efbd0179b
005 Дата корректировки 20260424124455.1
008 Кодируемые данные 20160818
017 a Номер регистрации авт. права Акт приемки-передачи Произведения № 27/2025
020 a ISBN 978-5-89847-748-6
040 b Код языка каталог. rus
e Правила каталог. PSBO
041 0_ a Код языка текста rus
084 a Индекс другой классификации/Индекс ББК 94.3я431
245 10 a Заглавие Exploring the world and making it better. Исследуем мир и делаем его лучше
b Продолж. заглавия VII Межвузовская научно-практическая конференция проектных работ на иностранных языках (г. Дубна, 18 апреля 2025 г.): сборник материалов
c Ответственность Министерство образования Московской области; Государственный университет "Дубна". Кафедра иностранных языков и русского как иностранного; под общей редакцией Н. В. Шимон; составитель А. М. Балаян
260 a Место издания Дубна
b Издательство Государственный университет "Дубна"
c Дата издания 2025
300 a Объем 129 с.
336 a Термин вида содержания Текст
337 a Термин типа средства электронный
505 0_ a Форматированное содержание The relationship between self-organization and personality traits
505 0_ a Форматированное содержание Conformism and suppression of personality
505 0_ a Форматированное содержание Existential approaches in psychology
505 0_ a Форматированное содержание Psychological causes of eating disorders among students
505 0_ a Форматированное содержание Generation Z and the illusion of achievable success
505 0_ a Форматированное содержание Viral words – trouble or progress
505 0_ a Форматированное содержание L’analyse comparative des systèmes de l’éducation britannique et franҫaise du xix siècle (d’après les oeuvres de charlotte brontë)
505 0_ a Форматированное содержание Die Diachrone Analyse der Entwicklung des deutschen Infinitivs am Beispiel der Belletristik
505 0_ a Форматированное содержание Machine's thinking limits: LLMs in software development
505 0_ a Форматированное содержание Use of artificial intelligence in legal activities
505 0_ a Форматированное содержание AI platform for searching and analyzing regulatory documents based on user requests. Preparing data for training models
505 0_ a Форматированное содержание Artificial intelligence in personal time management: Development of a system taking into account biological rhythms
505 0_ a Форматированное содержание Taiga: a national treasure
505 0_ a Форматированное содержание Ecosystem and ecological situation of Lake Baikal
505 0_ a Форматированное содержание Assessment of the toxicity of pesticides and agrochemicals on annelids of the Eisenia foetida species
505 0_ a Форматированное содержание ESG Approach for Environmental Safety of Enterprises
505 0_ a Форматированное содержание Modification of the surface of a track membrane with a hydrophobic nanofibre layer of polyvinylidene fluoride
505 0_ a Форматированное содержание Studying original anticorrosive zinc lamella lacquers for import substitution
505 0_ a Форматированное содержание Perovskite quantum dots: an overview of synthesis and stabilization in water
505 0_ a Форматированное содержание Collinear cluster Tri-partition and long-living shape isomers: an overview of recent experiments
650 04 a Основная рубрика английский язык
a Основная рубрика филологические науки
a Основная рубрика частное языкознание
a Основная рубрика языкознание
653 0_ a Ключевые слова IT-технологии
a Ключевые слова доклады
a Ключевые слова информационно-коммуникационные технологии
a Ключевые слова исследования
a Ключевые слова природные ресурсы
a Ключевые слова психология
a Ключевые слова человек
a Ключевые слова экология
655 a Жанр/ форма (устаревшее) материалы конференции
700 1_ a Автор Шимон Н. В.
e Роль лиц редактор
700 12 a Автор Балаян А. М.
e Роль лиц составитель
720 a Наименование подборки СЭБ5
e Признак/вид подборки Тематические подборки
856 40 a Имя сервера/домена Библиотечная система Университета "Дубна"
d Путь http://lib.uni-dubna.ru/MegaPRO/Web
i Указания/сценарий входа Доступ по номеру читательского билета и фамилии читателя
y Справочный текст Электронная версия
u URL https://lib.uni-dubna.ru/ProtectedView/Book/ViewBook/34932
856 40 a Имя сервера/домена ЭБС "Лань"
d Путь http://e.lanbook.com/
i Указания/сценарий входа Доступ по логину и паролю
u URL https://e.lanbook.com/book/516052
v Время доступа к ресурсу 10.04.2026
y Справочный текст Электронная версия
900 a Имя электронного ресурса akt_27_2025_Himon
900 a Имя электронного ресурса obl_Himon_Exploring
x Справочная информация Обложка
900 a Имя электронного ресурса Himon_Exploring
x Справочная информация Полный текст
901 t Тип документа 0
952 a Тип литературы для КСУ ВШ УИ